| 000 | 00513nam a22001817a 4500 | ||
|---|---|---|---|
| 008 | 151002b xxu||||| |||| 00| 0 eng d | ||
| 020 | _a0070675554 | ||
| 041 | 0 | _aeng | |
| 080 | _a621.3 | ||
| 100 | 1 | _aVithayathil, Joseph. | |
| 245 | 1 | 0 |
_aPower electronics : _cJoseph Vithayathil. |
| 250 | _aInternational ed. | ||
| 260 |
_aNew York : _bMcGraw-Hill, _c1995. |
||
| 300 |
_axxiv, 632 f. : _bme il.; _c25 cm. |
||
| 650 | 0 | _aElektroteknika | |
| 650 | 0 | _aElektronika | |
| 942 |
_2udc _cBK |
||
| 999 |
_c1221 _d1221 |
||